| 000 | 01110nam a22003617a 4500 | ||
|---|---|---|---|
| 001 | 0000128 | ||
| 003 | KOHA_MİRAKIL | ||
| 005 | 20260207001200.0 | ||
| 007 | ta | ||
| 008 | 081212b2006 tu |||gr||||#||||0|tur | | ||
| 020 |
_a9944770477 _c17,690000000000001 |
||
| 040 |
_aTR-BiSEU _btur _cTR-BiSEU _erda |
||
| 041 | 0 | _atur | |
| 044 | _ctu | ||
| 050 |
_aTA177.4 _b.O35 2006 |
||
| 100 | 1 | _aOkka, Osman. | |
| 245 | 1 |
_aMühendislik ekonomisine giriş : _bproblemler ve çözümler/ _cOsman Okka ; Osman Okka. |
|
| 264 | 1 |
_aAnkara : _bNobel Yayınları _c2006 |
|
| 300 | _a3 c. | ||
| 336 |
_ametin _btxt _2rdacontent |
||
| 337 |
_aaracısız _bn _2rdamedia |
||
| 338 |
_acilt _bnc _2rdacarrier |
||
| 490 | 1 |
_aYayın ; _vno. |
|
| 490 | 1 | _a1061. | |
| 490 | 1 |
_aİktisat işletme dizisi ; _v169. |
|
| 500 | _aKaynakça var. | ||
| 650 | 0 |
_aEngineering economy--Problems, exercises, etc. _91839 |
|
| 650 | 0 |
_aMühendislik ekonomisi--Problemler, alıştırmalar, vb. _91840 |
|
| 830 | 1 |
_aYayın ; _vno. _91557 |
|
| 830 | 1 |
_a1061. _91843 |
|
| 830 | 1 |
_aİktisat işletme dizisi ; _v169. _91842 |
|
| 942 |
_2lcc _cBK |
||
| 999 |
_c129 _d129 |
||